MyGZULibrary

The Economics of aging / (Record no. 3457)

MARC details
000 -LEADER
fixed length control field 01343pam a2200325 a 4500
001 - CONTROL NUMBER
control field 1965615
003 - CONTROL NUMBER IDENTIFIER
control field GZU
005 - DATE AND TIME OF LATEST TRANSACTION
control field 20201130144831.0
008 - FIXED-LENGTH DATA ELEMENTS--GENERAL INFORMATION
fixed length control field 880728s1989 ilua b 101 0 eng
010 ## - LIBRARY OF CONGRESS CONTROL NUMBER
LC control number 88025159
020 ## - INTERNATIONAL STANDARD BOOK NUMBER
International Standard Book Number 0226902951 (alk. paper)
040 ## - CATALOGING SOURCE
Original cataloging agency DLC
Transcribing agency DLC
Modifying agency DLC
043 ## - GEOGRAPHIC AREA CODE
Geographic area code n-us---
050 00 - LIBRARY OF CONGRESS CALL NUMBER
Classification number HQ1064
Item number ECO 1989
245 04 - TITLE STATEMENT
Title The Economics of aging /
Statement of responsibility, etc. edited by David A. Wise.
260 ## - PUBLICATION, DISTRIBUTION, ETC.
Place of publication, distribution, etc. Chicago :
Name of publisher, distributor, etc. University of Chicago Press,
Date of publication, distribution, etc. 1989.
300 ## - PHYSICAL DESCRIPTION
Extent ix, 416 p. :
Other physical details ill. ;
Dimensions 24 cm.
440 #2 - SERIES STATEMENT/ADDED ENTRY--TITLE
Title A National Bureau of Economic Research project report
500 ## - GENERAL NOTE
General note "Papers presented at a conference held at the Bourbon Orleans Hotel, New Orleans, Louisiana, 19-21 March 1987"--Acknowledgments.
504 ## - BIBLIOGRAPHY, ETC. NOTE
Bibliography, etc. note Includes bibliographies and indexes.
650 #0 - SUBJECT ADDED ENTRY--TOPICAL TERM
Topical term or geographic name entry element Older people
Geographic subdivision United States
General subdivision Economic conditions
Form subdivision Congresses.
650 #0 - SUBJECT ADDED ENTRY--TOPICAL TERM
Topical term or geographic name entry element Old age
General subdivision Economic aspects
Geographic subdivision United States
Form subdivision Congresses.
650 #0 - SUBJECT ADDED ENTRY--TOPICAL TERM
Topical term or geographic name entry element Older people
General subdivision Housing
Geographic subdivision United States
Form subdivision Congresses.
650 #0 - SUBJECT ADDED ENTRY--TOPICAL TERM
Topical term or geographic name entry element Retirement
General subdivision Economic aspects
Geographic subdivision United States
Form subdivision Congresses.
700 1# - ADDED ENTRY--PERSONAL NAME
Personal name Wise, David A.
710 2# - ADDED ENTRY--CORPORATE NAME
Corporate name or jurisdiction name as entry element National Bureau of Economic Research.
906 ## - LOCAL DATA ELEMENT F, LDF (RLIN)
a 7
b cbc
c orignew
d 1
e ocip
f 19
g y-gencatlg
942 ## - ADDED ENTRY ELEMENTS (KOHA)
Source of classification or shelving scheme Library of Congress Classification
Koha item type Books
Classification part 1064
Item part ECO
Call number prefix HQ
Holdings
Withdrawn status Lost status Damaged status Not for loan Collection code Home library Current library Shelving location Date acquired Total Checkouts Full call number Barcode Date last seen Copy number Price effective from Koha item type
        Non-fiction City Campus Library City Campus Library General Stacks 11/30/2020   HQ 1064.U5ECO 1988 B017363 11/30/2020 c.1 11/30/2020 Books